| 000 | 005880000a22001690004500 | ||
|---|---|---|---|
| 090 | _aSeriadas | ||
| 245 | 1 | 0 |
_aDiscovery of the richest frog fauna in the world _san exploration of the forests to the north of Leticis |
| 044 | _aColombia | ||
| 041 | 0 | _aInglés | |
| 690 |
_aRanas _992906 |
||
| 690 |
_aDiversidad biológica _9100592 |
||
| 690 |
_aInventarios de fauna _993976 |
||
| 651 | 4 |
_pColombia _mLeticia _992749 |
|
| 100 | 1 |
_aLynch, John D. _992907 |
|
| 942 | _cARTICULO | ||
| 773 | 1 |
_tRevista de la Academia Colombiana de ciencias exactas, físicas y naturales _h113 _q581-588 _d2005 _g29 |
|
| 999 |
_c16320 _d16320 |
||